| 000 | 00585nam a22001817a 4500 | ||
|---|---|---|---|
| 999 |
_c191225 _d191225 |
||
| 005 | 20220823125120.0 | ||
| 010 | _aENG-134554 | ||
| 020 |
_a9788171922000 _c395.00 |
||
| 035 | _aEN-118086 | ||
| 037 | _bDBAD/PUB | ||
| 082 | _a306.071 | ||
| 100 | _aBanerjee, Prantik | ||
| 245 |
_aCultural Studies; _bTexts and Contexts _cPrantik Banerjee |
||
| 260 |
_aMaharastra _bDATTSONS Publications _c2021 |
||
| 270 |
_aJawaharlal nehru Marg, sadar, _bNagpur _e440001 _mdattsonspublishers@ gmail.com |
||
| 300 |
_avi: 254p. _bIndex _c22cm(pbk) |
||
| 942 |
_2ddc _cEN _h306.071 _mBAN |
||